| 000 | 00783nam a22001817a 4500 | ||
|---|---|---|---|
| 003 | OSt | ||
| 005 | 20260417142306.0 | ||
| 008 | 260417b |||||||| |||| 00| 0 eng d | ||
| 040 | _c0 | ||
| 082 | _aDPer 796.07 St822 September-December 2015 v.28 n.5-6 January-October 2016 v.29 n.1-5 | ||
| 100 |
_aGagnon, Amy G. _eauthor. _970630 |
||
| 245 |
_aCreating a positive social-emotional climate in your elementary physical education program / _cAmy G. Gagnon. |
||
| 260 |
_aAnnapolis Junction, Maryland, U.S.A. : _bSHAPE America (Society of Health and Physical Educators) ; _cMay/June 2016. |
||
| 300 |
_avolume 29, pages 21-27 : _billustration ; _c27cm. |
||
| 500 | _aStrategy, vol. 29, no. 3, pages 21-27, May-June 2016. | ||
| 700 |
_aGagnon, Amy G. _eauthor. _970629 |
||
| 942 |
_2ddc _cPER |
||
| 999 |
_c24624 _d24624 |
||